01030cam a22002531 4500001001300000003000400013005001700017008004100034010001700075035001900092040004600111042001200157050002400169100003000193245009200223260004900315300005100364490005500415501016200470650003100632650003000663650003200693830005100725gs 65000316 DLC20260227111417.0780720s1965 dcub b f000 0 eng c ags 65000316  a(OCoLC)4071134 aU.S. Geol. Survey. Libr.cCLSdOCoLCdDLC apremarc00aTC801b.U2 no. 17921 aWilliams, John R.,d1924-10aGround water in permafrost regions :ban annotated bibliography /cby John R. Williams. aWashington :bU.S. Govt. Print. Off.,c1965. aiii, 294 p. :bfold. map (in pocket) ;c24 cm.1 aGeological Survey (U.S.). Water-supply paperv1792 aWith : Hydrologic conditions near Glendo, Platte County, Wyoming. Washington : U.S. Govt. Print. Off., 1965. Bound together subsequent to publication.5DLC 0aGroundwatervBibliography. 0aPermafrostvBibliography. 0aWater-supplyvBibliography. 0aWater-supply paper (Washington, D.C.) ;v1792.